<?xml version="1.0" encoding="UTF-8"?>
<marc:record xmlns:marc="http://www.loc.gov/MARC21/slim">
   <marc:leader>00000nam a2200000 a 4500</marc:leader>
   <marc:datafield ind1="1" ind2=" " tag="100">
      <marc:subfield code="a">Thiemeyer, Thomas</marc:subfield>
      <marc:subfield code="4">aut</marc:subfield>
      <marc:subfield code="e">Verfasser/-in</marc:subfield>
   </marc:datafield>
   <marc:datafield ind1=" " ind2=" " tag="653">
      <marc:subfield code="a">Fantasy</marc:subfield>
   </marc:datafield>
   <marc:datafield ind1=" " ind2=" " tag="653">
      <marc:subfield code="a">Erste Liebe</marc:subfield>
   </marc:datafield>
   <marc:datafield ind1="0" ind2="0" tag="245">
      <marc:subfield code="a">Das verbotene Eden</marc:subfield>
   </marc:datafield>
   <marc:datafield ind1="0" ind2="0" tag="245">
      <marc:subfield code="b">Magda und Ben; Jugendbuch ab 14 Jahren; Bd. 3</marc:subfield>
   </marc:datafield>
   <marc:datafield ind1=" " ind2="1" tag="264">
      <marc:subfield code="b">Droemer</marc:subfield>
      <marc:subfield code="c">2013</marc:subfield>
   </marc:datafield>
   <marc:datafield ind1="1" ind2=" " tag="520">
      <marc:subfield code="a">Der Kampf der Geschlechter steuert seinem Höhepunkt entgegen. Als die Frauenarmee immer tiefer ins Herz der Männerstadt vorrückt, treffen ein alter Mann und eine alte Frau aufeinander - und machen eine unglaubliche Entdeckung: Magda, die oberste Heilerin, und Benedikt, der Prior der Abtei, waren vor fünfundsechzig Jahren ein junges Paar, das durch den Virus auseinandergerissen wurde. Inzwischen trennen sie Welten. Ob sie nach all den Jahren noch immer etwas füreinander empfinden? Kann es gelingen, die Zeit zurückzudrehen und den blutigen Konflikt beizulegen? Wenn es eine Kraft gibt, die das möglich macht, so ist es die Liebe. Der fulminante Abschluss der EDEN-Trilogie.  Über den Autor: Thomas Thiemeyer, geboren 1963, lebt in Stuttgart und arbeitete zunächst als Illustrator. Nach fünf rasanten mystischen Wissenschaftsthrillern - zuletzt "Korona" -, entdeckte er mit den "Chroniken der Weltensucher" höchst erfolgreich das Jugendbuch für sich. Mit "Das verbotene Eden - Logan und Gwen" erscheint der zweite Band seines neuen großen Zyklus', der in einer bedrohlichen Zukunft spielt. Mehr Informationen zum Autor unter www.thiemeyer.de  *Amazon.de*</marc:subfield>
   </marc:datafield>
   <marc:datafield ind1=" " ind2=" " tag="020">
      <marc:subfield code="a">9783426653289</marc:subfield>
      <marc:subfield code="9">9783426653289</marc:subfield>
   </marc:datafield>
</marc:record>
